000 00555nam a22002057a 4500
005 20260424112907.0
008 260424b |||||||| |||| 00| 0 eng d
037 _cDSWL
040 _aDSWL
_cDSWL
041 _heng
084 _aQ2(Z) Q0
100 _a Davis, Jr.
_91235625
245 _aSpirit of Hindu Law
260 _aNew Delhi,
_bCambridge Univ Pr,
_c2010
300 _a194p
365 _aINR
_b795
700 _aR. Donald
_91235626
942 _2CC
_cTEXL
_hQ2(Z) Q0
_n0
999 _c1848497
_d1848497